000
00302nam a22001337a 4500
008
170531b xxu||||| |||| 00| 0 eng d
020
_a
0312083688
041
_a
eng
080
_a
94
100
_a
17
101
_a
SHH
245
_a
THE MANY FACES IN THE ARAB WORLD
_c
BROWN.R.I
942
_2
udc
_c
BK
999
_c
15120
_d
15120